Monaco Grand Prix Winners (Formula 1) - Statistics

General Stats
  • This quiz has been taken 2,176 times
  • The average score is 45 of 61
Answer Stats
Year Winner % Correct
2008 Lewis Hamilton
98%
1994 Michael Schumacher
97%
1995 Michael Schumacher
97%
1997 Michael Schumacher
97%
1999 Michael Schumacher
97%
2001 Michael Schumacher
97%
1987 Ayrton Senna
96%
1989 Ayrton Senna
96%
1990 Ayrton Senna
96%
1991 Ayrton Senna
96%
1992 Ayrton Senna
96%
1993 Ayrton Senna
96%
2011 Sebastian Vettel
96%
2006 Fernando Alonso
95%
2007 Fernando Alonso
95%
1984 Alain Prost
93%
1985 Alain Prost
93%
1986 Alain Prost
93%
1988 Alain Prost
93%
2013 Nico Rosberg
93%
2014 Nico Rosberg
93%
1983 Keke Rosberg
92%
1950 Juan Manuel Fangio
91%
1957 Juan Manuel Fangio
91%
2009 Jenson Button
90%
1963 Graham Hill
86%
1964 Graham Hill
86%
1965 Graham Hill
86%
1968 Graham Hill
86%
1969 Graham Hill
86%
2010 Mark Webber
85%
2012 Mark Webber
85%
1975 Niki Lauda
85%
1976 Niki Lauda
85%
1998 Mika Hakkinen
84%
2005 Kimi Raikkonen
83%
1966 Jackie Stewart
73%
1971 Jackie Stewart
73%
1973 Jackie Stewart
73%
2000 David Coulthard
69%
2002 David Coulthard
69%
1981 Gilles Villeneuve
65%
2003 Juan Pablo Montoya
64%
1959 Jack Brabham
60%
1956 Stirling Moss
58%
1960 Stirling Moss
58%
1961 Stirling Moss
58%
2004 Jarno Trulli
54%
1996 Olivier Panis
52%
1970 Jochen Rindt
51%
1977 Jody Scheckter
51%
1979 Jody Scheckter
51%
1967 Denis Hulme
46%
1980 Carlos Reutemann
35%
1974 Ronnie Peterson
32%
1982 Riccardo Patrese
31%
1962 Bruce McLaren
30%
1955 Maurice Trintignant
17%
1958 Maurice Trintignant
17%
1978 Patrick Depailler
15%
1972 Jean-Pierre Beltoise
13%
No matching quizzes found
Score Distribution
Percent of People with Each Score
Percentile by Number Answered
Your Score History
You have not taken this quiz